000 00676cam a2200205ua 4500
001 24976
008 190906n II |||gr||||Z||||||eng
041 _aeng
082 _a512.5
_a512
_a512
245 _aHIGHER ALGEBRA
_hTextual Documents
250 _aREP.
260 _aGHY:
_bNCBA /GHY,
_c2015.
300 _a594.
653 _aAlgebra
700 _aGHOSH,RAM KRISHNA&, MAITY KANTISH CH.,
_eAUTHOR.,
999 _c28223
_d28223